| 000 | 01182nam a2200253 a 4500 | ||
|---|---|---|---|
| 008 | 120416s1995 ||||||||||||||||| || u | ||
| 020 | _a1874529329 | ||
| 050 | _aHD 77 Dev | ||
| 100 | _aAyres, Ron, 1943 June 27- | ||
| 245 | 1 | 0 |
_aDevelopment studies _cedited by R. Ayres |
| 246 | _aan introduction through selected readings | ||
| 260 |
_alondon _bGreenwich University Press _c1995 |
||
| 300 | _axvi, 696p. : ill. | ||
| 350 | _a0.00 | ||
| 490 | _aGreenwich readers | ||
| 490 | _v3 | ||
| 500 | _aIncludes bibliographies. | ||
| 650 | 0 | _aECONOMIC DEVELOPMENT--AFRICA, SUB-SAHARAN | |
| 650 | 0 | _aMANAGEMENT | |
| 650 | 0 | _aDEVELOPING COUNTRIES--ECONOMIC CONDITIONS | |
| 995 |
_aMAIN LIBRARY OPEN ACCESS _D0.00 _e734255 _FCBU-MAIN LIBRARY (Kitwe) _H2 _I39.90 _jHD 77 Dev _M2 _UAVAILABLE _WJul 11, 2006 _y46552 _ZMain Library Open Access Collection |
||
| 995 |
_aMAIN LIBRARY OPEN ACCESS _D0.00 _e734257 _FCBU-MAIN LIBRARY (Kitwe) _H1 _I39.90 _jHD 77 Dev _M1 _UAVAILABLE _y46556 _ZMain Library Open Access Collection |
||
| 995 |
_aMAIN LIBRARY OPEN ACCESS _D0.00 _e734256 _FCBU-MAIN LIBRARY (Kitwe) _H3 _I39.90 _jHD 77 Dev _M3 _ULOST _VMar 11, 2013 _WJul 11, 2006 _y46553 _ZMain Library Open Access Collection |
||
| 999 |
_c63510 _d63510 |
||